Inovačná politika a inovačné systémy v kúpeľných podnikoch

Inovačná politika a inovačné systémy sú základnou jednotkou inovácií podnikov v cestovnom ruchu. Tvorí ich sieť mnohých aktérov a inštitúcií v podobe podnikov, organizácií a napokon aj vlád. Vývoj technologických inovácií je veľmi rýchly, čo umožňuje úspešným kúpeľným podnikom rásť a napredovať rých...

Descrizione completa

Salvato in:
Dettagli Bibliografici
Autore principale: Harcsová, Henrieta, 1998-
Altri autori: Rudý, Stanislav, 1997-
Natura: Capitolo di libro
Lingua:slovacco
Soggetti:
Tags: Aggiungi Tag
Nessun Tag, puoi essere il primo ad aggiungerne!!

MARC

LEADER 00000naa a2200000 4500
001 0296046
005 20240502074508.3
041 0 |a slo 
044 |a SK 
245 1 0 |a Inovačná politika a inovačné systémy v kúpeľných podnikoch  |c Henrieta Harcsová, Stanislav Rudý 
520 |a Inovačná politika a inovačné systémy sú základnou jednotkou inovácií podnikov v cestovnom ruchu. Tvorí ich sieť mnohých aktérov a inštitúcií v podobe podnikov, organizácií a napokon aj vlád. Vývoj technologických inovácií je veľmi rýchly, čo umožňuje úspešným kúpeľným podnikom rásť a napredovať rýchlejšie. Kúpeľná starostlivosť sa tak rozširuje a rastie a kúpeľné podniky na Slovensku sa stávajú konkurencieschopnými. Cieľom tohto článku je zistiť súčasnú situáciu kúpeľnej starostlivosti na Slovensku prostredníctvom inovatívnych systémov a politík v kúpeľnom cestovnom ruchu. Správnou metodikou sme určili teoretické východiská inovačných systémov a inovačných politík a následne vo výsledkoch potvrdili ich úspešnosť v rastúcej kúpeľnej starostlivosti v kúpeľných podnikoch SR. Na záver sme navrhli ďalšie možnosti výskumu v tejto oblasti. 
610 2 0 |a kúpeľníctvo 
610 2 0 |a ruch cestovný 
610 2 0 |a politika inovačná 
610 2 0 |a inovácia 
610 2 0 |a Slovensko 
100 1 |a Harcsová, Henrieta, 1998- 
700 1 |a Rudý, Stanislav, 1997-